| 000 | 01237cam a22003014a 4500 | ||
|---|---|---|---|
| 001 | 12795012 | ||
| 005 | 20170105102917.0 | ||
| 008 | 020530s2002 nyuab 001 0 eng | ||
| 010 | _a 2002072404 | ||
| 020 | _a1565847547 (h.c.) | ||
| 040 |
_aDLC _cDLC _dDLC |
||
| 042 | _apcc | ||
| 043 | _an-us-ny | ||
| 050 | 0 | 0 |
_aRA566 _b.G57 2002 |
| 082 | 0 | 0 |
_a363.73/09747/1 _221 |
| 100 | 1 |
_aGonzález, Juan, _d1947- |
|
| 245 | 1 | 0 |
_aFallout : _bthe environmental consequences of the World Trade Center collapse / _cJuan González. |
| 260 |
_aNew York : _bNew Press, _cc2002. |
||
| 300 |
_a150 p. : _bill., 1 map ; _c20 cm. |
||
| 500 | _aIncludes index. | ||
| 650 | 0 |
_aSeptember 11 Terrorist Attacks, 2001 _xHealth aspects _zNew York (State) _zNew York. |
|
| 650 | 0 |
_aSeptember 11 Terrorist Attacks, 2001 _xEnvironmental aspects _zNew York (State) _zNew York. |
|
| 650 | 0 |
_aEnvironmental health _zNew York (State) _zNew York. |
|
| 650 | 0 |
_aPollution _xEnvironmental aspects _zNew York (State) _zNew York. |
|
| 906 |
_a7 _bcbc _corignew _d1 _eocip _f20 _gy-gencatlg |
||
| 942 |
_2ddc _cBK |
||
| 999 |
_c15417 _d15417 |
||